000 00596nam a2200205Ia 4500
003 GCL
008 140319s9999 xx 000 0 ara d
040 _aGCL /
_cGCL
082 0 4 _a863
_bد ف
100 1 _aدى ليبس، ميجل
245 1 0 _aالفئران /
_cدى ليبس، ميجل
700 1 _aعلى عبدالرؤوف، البمبى
300 _a207 ص
490 _aالهيئة العامة للاستعلامات
_v0
650 0 4 _aالادب
650 0 4 _aالادب الاسبانى
650 0 4 _aالقصص
650 0 4 _aالقصص الاسبانية
942 _2ddc
_cBK
999 _c50045
_d50045